Aplikácie teórie grafov v ekonomických výpočtoch
Salvato in:
| Autore principale: | |
|---|---|
| Altri autori: | |
| Natura: | Libro |
| Lingua: | slovacco |
| Pubblicazione: |
Bratislava
ALFA
1974
|
| Tags: |
Nessun Tag, puoi essere il primo ad aggiungerne!!
|
MARC
| LEADER | 00000nam$a2200000$$$4500 | ||
|---|---|---|---|
| 001 | 0023204 | ||
| 005 | 20240109105647.6 | ||
| 041 | 0 | |a slo | |
| 044 | |a SK | ||
| 245 | 1 | 0 | |a Aplikácie teórie grafov v ekonomických výpočtoch |c Zoja Vasilievna Alferovová, Valentína Prokofievna Jezževová |
| 264 | 1 | |a Bratislava |b ALFA |c 1974 | |
| 300 | |a 171 s. | ||
| 100 | 1 | |a Alferovová, Zoja Vasilievna | |
| 700 | 1 | |a Jezževová, Valentína Prokofievna | |